Kvalita poskytovaných služieb vo vybranom podniku bakalárska práca

Enregistré dans:
Détails bibliographiques
Auteur principal: Lašíková, Simona
Collectivité auteur: Podnikovohospodárska fakulta EU so sídlom v Košiciach. Katedra obchodného podnikania
Autres auteurs: Jergová, Natália
Format: Livre
Langue:slovaque
Publié: Košice 2015
Tags: Ajouter un tag
Pas de tags, Soyez le premier à ajouter un tag!

MARC

LEADER 00000nbm a2200000 4500
001 0204051
005 20161212094635.3
041 0 |a slo 
044 |a SK 
245 1 0 |a Kvalita poskytovaných služieb vo vybranom podniku  |b bakalárska práca  |c Simona Lašíková ; školiteľ: Natália Jergová 
264 1 |a Košice  |c 2015 
300 |a 62 s. 
100 1 |a Lašíková, Simona 
700 1 |a Jergová, Natália 
710 2 |a Podnikovohospodárska fakulta EU so sídlom v Košiciach. Katedra obchodného podnikania